| 000 | 01088cab a2200313 4500 | ||
|---|---|---|---|
| 001 | ABS48944 | ||
| 008 | 090401t1993 xxu||||| |||| 00| 0 eng d | ||
| 035 | _a(Sirsi) u69206 | ||
| 041 | _aeng | ||
| 245 | 4 | _aThe retail market | |
| 260 | _c1993 | ||
| 300 | _aLOAN | ||
| 350 | _a0 | ||
| 490 |
_aEstates Times _vReview July 1993 (50) |
||
| 520 | _aA review of developments in shopping including market information and articles on service charges, shopping centre management, refurbishment, planning, retail warehouses and the introduction of American factory shops. | ||
| 650 | _aDISCOUNT STORES | ||
| 650 | _aFACTORY SHOPPING | ||
| 650 | _aINVESTMENT MARKET | ||
| 650 | _aPERFORMANCE | ||
| 650 | _aREGIONAL SHOPPING CENTRES | ||
| 650 | _aPROPERTY-COMMERCIAL PROPERTY-RETAIL PROPERTY-RETAIL PROPERTY MARKET | ||
| 650 | _aRETAIL PROPERTY | ||
| 650 | _aSERVICE CHARGES | ||
| 650 | _aSHPPING CENTRES | ||
| 690 | _aPROPERTY-COMMERCIAL PROPERTY-COMMERCIAL PROPERTY MARKET | ||
| 690 | _aPROPERTY-COMMERCIAL PROPERTY-RETAIL PROPERTY | ||
| 942 | _n0 | ||
| 948 | _c04/03/1997 | ||
| 999 |
_c43472 _d43472 |
||